| 000 | 00793nam a2200241 a 4500 | ||
|---|---|---|---|
| 999 |
_c11284 _d11284 |
||
| 001 | 11284 | ||
| 003 | BD-JhCC | ||
| 005 | 20201206134020.0 | ||
| 008 | 190621s 2018bg |||| ||a| 001 0 ben d | ||
| 020 | _a9789843427175 | ||
| 035 | _a(BD-JhCC)11284 | ||
| 040 |
_aBD-JhCC _dBD-JhCC |
||
| 041 | _aben | ||
| 082 |
_bMUH 2017 _a923 |
||
| 100 | _aমুহিত, আবুল মাল আবদুল | ||
| 245 |
_aস্মৃতি অম্লান ১৯৭১ / _cআবুল মাল আবদুল মুহিত । |
||
| 260 |
_aঢাকা: _bপ্রথমা প্রকাশন; _c২০১৭. |
||
| 300 |
_a২৮৭ পৃ . : _c২২ সেমি. |
||
| 600 | _aMuhith, Abul Mal Abdul | ||
| 650 | _aBiography | ||
| 942 |
_2ddc _cBK _01 |
||